| 000 | 03356nam a2200553Ia 4500 | ||
|---|---|---|---|
| 001 | 3080 | ||
| 008 | 241029s9999 xx 000 0 und d | ||
| 010 | _a2890 | ||
| 041 | _aEspañol | ||
| 082 | _aINTEC // CyH-0038 | ||
| 245 | 0 | _aRelación entre la capacitación del docente y la aplicación del currículo de Lengua Española en el 2do. Ciclo del Nivel Básico. Escuela San Vicente de Paúl. Distrito Educativo 10-03. Santo Domingo 2004-2005 | |
| 260 | _aSanto Domingo | ||
| 300 | _a127 | ||
| 520 | _a4 | ||
| 630 | _aCapacitación Docente | ||
| 630 | _aCurrículo | ||
| 630 | _aLenguaje y Lenguas-Enseñanza | ||
| 650 | _aLengua Española | ||
| 690 | _aCopiado sin cambios | ||
| 700 |
_easesor _aEspinal, Olga |
||
| 700 |
_eautor _aMuñoz, Maira |
||
| 700 |
_eautor _aLescaille, Amparo |
||
| 901 |
_a{"1":"Muñoz","2":"Lescaille"} _b{"1":"Maira","2":"Amparo"} |
||
| 902 | _a1 | ||
| 903 |
_a{"1":"Espinal"} _b{"1":"Olga"} |
||
| 904 | _aMaestría en | ||
| 905 | _aEducación | ||
| 906 | _a2 | ||
| 907 | _aNO APLICA | ||
| 908 | _aNO APLICA | ||
| 909 | _aInstituto Tecnológico de Santo Domingo (INTEC) | ||
| 910 |
_aNULL _bNULL |
||
| 911 | _a["1"] | ||
| 912 | _aNO APLICA | ||
| 913 | _aNULL | ||
| 914 | _a16 de Agosto de 2007 | ||
| 915 | _a01/10/14 11:10 | ||
| 916 | _aNULL | ||
| 917 | _aNULL | ||
| 918 | _aNO APLICA | ||
| 919 | _a["30","52","130"] | ||
| 520 | _aEl estudio Relación entre la Capacitacióndel Docente y la Aplicación del Currículo de Lengua Española en el 2do Ciclo del Nivel Básico de la Escuela San Vicente de Paúl, plantea como objetivo principal la capacitación de los maestros de este nivel con la aplicación del currículo de Lengua Española.Se plantea que los docentes deben usar los postulados del enfoque funcional y comunicativo con pertinencia; pues han recibido capacitaciones para tales fines; sin embargo, presentan dificultades al abordar el currículo de Lengua Española, a pesar de la capacitación recibida. Los maestros denotan deficiencias en cuanto a la aplicación de estrategias teóricas-metodológicas del currículo. Los programas de capacitación no han satisfecho las expectativas esperadas porque no tuvieron en cuenta las necesidades, los intereses y el contexto educativo apropiado; además, la inexistencia de un seguimiento curricular dificultó la apropiación de los fines con que fueron planificados.La investigación se basa en un enfoque cualitativo en el que se expresan inconvenientes entre el proceso de capacitación y la aplicación del currículo. Se seleccionó el estudio de caso con la intención de buscar explicación a un hecho particular. El diseño utilizado corresponde al tipo descriptivo.A partir de los resultados se puede inferir que es una necesidad promover proceso de capacitación docente en los que se enfaticen espacios que posibiliten la optimización de conocimientos, estrategias, actitudes, necesidades e intereses de los/las maestros/as, tomando como referente el contexto áulico; espacios en los cuales se generen la autorreflexión, la socialización, la investigación y la práctica; así como establecer un proceso de seguimiento curricular eficaz que permita el aprendizaje significativo. | ||
| 921 | _a16 | ||
| 922 | _a16 | ||
| 923 | _a0 | ||
| 924 | _aNO APLICA | ||
| 942 | _cTesis | ||
| 999 |
_c2890 _d2890 |
||